Les circonscriptions législatives des Français de l'étranger - Statistiques

Statistiques générales
  • Ce quiz a été pris 36 fois
  • Le résultat moyen est 49 sur 191
Statistiques - réponses
1ère circonscription Pays % Correct
Etats-Unis
86%
231328 inscrits Canada
79%
Espagne
79%
Italie
79%
Allemagne
64%
157593 inscrits Belgique
64%
Luxembourg
64%
Mexique
64%
Royaume-Uni
61%
Chine
57%
Israël
57%
2e circonscription Pays
57%
Portugal
57%
103299 inscrits Andorre
54%
Japon
54%
Russie
54%
Suisse
54%
Brésil
50%
Grèce
50%
174820 inscrits Liechtenstein
50%
Monaco
50%
Pays-Bas
50%
Turquie
50%
159555 inscrits Algérie
46%
131835 inscrits Chypre
46%
Irlande
46%
Islande
46%
Maroc
46%
Pologne
46%
123010 inscrits Albanie
43%
168869 inscrits Danemark
43%
Norvège
43%
Roumanie
43%
Serbie
43%
Slovénie
43%
Suède
43%
Tunisie
43%
Autriche
39%
Bulgarie
39%
Corée-du-Sud
39%
Estonie
39%
Finlande
39%
Kosovo
39%
Lettonie
39%
Lituanie
39%
Malte
39%
Paraguay
39%
Saint-Marin
39%
Tchéquie
39%
Uruguay
39%
Vatican
39%
Croatie
36%
Hongrie
36%
Macédoine
36%
Ukraine
36%
Argentine
32%
Australie
32%
Biélorussie
32%
Bosnie-Herzégovine
32%
Chili
32%
Inde
32%
Monténégro
32%
Suriname
32%
Colombie
29%
Egypte
29%
Guatemala
29%
Guyana
29%
Indonésie
29%
Irak
29%
Iran
29%
Libye
29%
Panama
29%
Pérou
29%
Venezuela
29%
Arménie
25%
Azerbaïdjan
25%
Cuba
25%
Equateur
25%
Liban
25%
Moldavie
25%
Arabie Saoudite
21%
Bahamas
21%
Belize
21%
Congo
21%
Costa Rica
21%
Emirats Arabes Unis
21%
Haïti
21%
Jordanie
21%
Mali
21%
Niger
21%
Nigeria
21%
Qatar
21%
Soudan
21%
Soudan-du-Sud
21%
Syrie
21%
Togo
21%
135369 inscrits Afghanistan
18%
140782 inscrits Afrique-du-Sud
18%
Birmanie
18%
Gabon
18%
Géorgie
18%
Ghana
18%
Honduras
18%
Jamaïque
18%
Kazakhstan
18%
Laos
18%
Lesotho
18%
Madagascar
18%
Malaisie
18%
Mongolie
18%
Nicaragua
18%
Pakistan
18%
Saint-Vincent-et-les-Grenadines
18%
Salvador
18%
Tchad
18%
Thaïlande
18%
Trinité-et-Tobago
18%
Vietnam
18%
Barbade
14%
Bénin
14%
Cambodge
14%
Cap vert
14%
Comores
14%
Côte d'ivoire
14%
Dominique
14%
Eswatini
14%
Ethiopie
14%
Grenade
14%
Maurice
14%
Mozambique
14%
Népal
14%
Nouvelle-Zélande
14%
Oman
14%
Ouzbékistan
14%
Papouasie-Nouvelle-Guinée
14%
République dominicaine
14%
Rwanda
14%
Saint-Christophe-et-Niévès
14%
Sainte-Lucie
14%
Sénégal
14%
Seychelles
14%
Yémen
14%
Zambie
14%
Angola
11%
89012 inscrits Antigua-et-Barbuda
11%
Bangladesh
11%
Botswana
11%
Brunei
11%
Burundi
11%
Centrafrique
11%
Djibouti
11%
Guinée
11%
Kenya
11%
Kirghizistan
11%
Mauritanie
11%
Namibie
11%
Ouganda
11%
Palaos
11%
Philippines
11%
Sao Tomé et Principe
11%
Sri Lanka
11%
Tadjikistan
11%
Taïwan
11%
Tanzanie
11%
Turkménistan
11%
Zimbabwe
11%
Bahreïn
7%
Burkina Faso
7%
Cameroun
7%
Erythrée
7%
Fidji
7%
Gambie
7%
Guinée Bissau
7%
Guinée équatoriale
7%
Kiribati
7%
Liberia
7%
Malawi
7%
Maldives
7%
Samoa
7%
Singapour
7%
Somalie
7%
Timor oriental
7%
Salomon
4%
Sierra Leone
4%
Tonga
4%
Tuvalu
4%
Vanuatu
4%
Congo RD
0%
Marshall
0%
Micronésie
0%
Nauru
0%
Aucun quiz correspondant
Distribution des résultats
% des personnes avec chaque résultat
Percentile par nombre de réponses
Votre historique - résultats
Vous n’avez pas pris ce quiz